Technológia vzdelávania Vedecko-pedagogický časopis s informačnou prílohou

Gespeichert in:
Bibliographische Detailangaben
Format: Schriftenreihe
Sprache:Slowakisch
Veröffentlicht: Nitra SLOVDIDAC 1994
Schlagworte:
Tags: Tag hinzufügen
Keine Tags, Fügen Sie das erste Tag hinzu!

MARC

LEADER 00000nas2a2200000 4500
001 s018135
005 20240109100512.7
022 |a 1335-003X 
041 0 |a slo 
044 |a SK 
245 1 0 |a Technológia vzdelávania  |b Vedecko-pedagogický časopis s informačnou prílohou 
264 1 |a Nitra  |b SLOVDIDAC  |c 1994 
300 |a 2 zv. 
773 0 |w eu_un_cat*s120245 
610 2 0 |a vzdelávanie 
610 2 0 |a politika školská